Responses for show #3057 - Tuesday, December 9, 1997

Contestants

[<< previous game]

Glenda Kendrick, a speech writer originally from Rapid City, South Dakota

Tim McMullen, a substitute teacher from Coudersport, Pennsylvania

Michael Noonan, a finance manager from Washington, D.C. (whose 1-day cash winnings total $16,201)

[next game >>]

Jeopardy! Round responses

A BOOK OF VERSES
UNDERNEATH THE BOUGH
A JUG OF WINE
A LOAF OF BREAD
& THOU BESIDE ME SINGING
IN THE WILDERNESS
(Alex: Obviously our writers are big fans of "The Rubaiyat of Omar Khayyam", but the clues do not necessarily have anything to do with that great work of literature.)
    $100 8
"Leaves of Grass"

Glenda
    $100 18
Sir Isaac Newton

Tim
    $100 6
Lead

Michael
    $100 1
Sourdough

Tim
    $100 16
Yosemite

Tim
    $200 9
"Paradise Lost"

Tim
    $200 19
(Alex: And Johnny Hart drew that cartoon especially for us & we thank him very much!)

"B.C."

Michael
    $200 7
Cork

Glenda
    $200 2
Pumpernickel

Michael
    $200 24
(with a minute to go...)

Boyz II Men

Glenda
    $200 17
Everglades

Michael
    $300 10
Elizabeth Barrett Browning

Tim
    $300 20
Sloths

Tim
    $300 13
Carafe

Michael
    $300 3
Baguette

Glenda
    $300 25
The Righteous Brothers

Michael
    $300 23
Hills

Michael
    $400 11
Robert Louis Stevenson

Glenda
    $400 21
Nirvana/enlightenment

Glenda
    $400 14
(Alex: What a waste!)

Champagne

Glenda
    $400 4
Braids

Michael
    $2,000 26
(M: Who are some brothers?)

Alabama

Michael
    $400 28
(M: What are the Northwest Territories?)
(Alex: The Northwest Territories are about 6 times their size.)
(buzzer sounds)

Yukon

MichaelTim
    $500 12
Pablo Neruda

Michael
    $500 22
"(Desire Under the) Elms"

Glenda
    $500 15
(M: What is a fifth?)

Punt

Michael
Triple Stumper
    $500 5
Cornell

Tim
    $500 27
Peter, Paul and Mary

Tim

Scores at the first commercial break (after clue 15):

Michael Tim Glenda
$1,000 $1,100 $1,400

Scores at the end of the Jeopardy! Round:

Michael Tim Glenda
-$400 $2,500 $2,500

Double Jeopardy! Round responses

OCCUPATIONS
EMINENT VICTORIANS
ACTORS & THEIR ROLES
HODGEPODGE
WWII
ODD WORDS
    $200 11
Fitter

Michael
    $200 21
Charles Darwin

Glenda
    $200 16
Dice

Michael
    $200 1
Josef Stalin

Tim
    $200 6
(G: Who is Lear?)

Lewis Carroll

TimGlenda
    $400 12
Anesthesiologists

Michael
    $400 22
Sir Henry Stanley

Tim
    $400 26
John Travolta

Tim
    $400 17
"In God We Trust"

Glenda
    $400 2
Kamikaze

Michael
    $400 7
Stingy

Tim
    $600 13
Teamster

Michael
    $600 23
(T: Who is Powell?)
(Alex: No...we can't accept that!)
(less than a minute to go...)

Lord Robert Baden-Powell

MichaelTim
    $600 18
Peptide

Michael
    $600 3
(M: What are the National Guard and Reserves?)
(Alex: Yes.)

National Guard

Michael
    $600 8
(G: What is television?)
(T: What is diorama?)

Futurama

TimGlenda
Triple Stumper
    $800 14
Geek

Michael
    $800 24
Lord Alfred Tennyson ("Charge of the Light Brigade")

Glenda
    $3,000 28
(buzzer sounds)

Judge Dredd

Tim
    $800 19
Garry Kasparov

Glenda
    $800 4
Josip Broz Tito

Tim
    $800 9
Dreams

Michael
    $1000 15
(G: What is an arbiter?)
(Alex: Glenda, good news for you - we checked our dictionaries & the two are synonymous.)

Arbitrator

TimGlenda
    $1000 25
Thomas Cook

Michael
    $1000 27
(M: Who is "Vinnie Brasco?")

Donnie Brasco

MichaelTim
    $900 20
(G: What is Presque Isle?)

Campobello Island

Glenda
    $1000 5
Chester Nimitz

Glenda
    $1000 10
Miniver

Glenda

Scores at the end of the Double Jeopardy! Round:

Michael Tim Glenda
$4,800 $8,700 $6,000

[wagering suggestions for these scores]

Final Jeopardy! Round responses

16th CENTURY EXPLORERS
MichaelWho was Ponce De Leon
$600
GlendaWho is Ponce de Leon?
$2,701
TimWho was Ponce de Leon?
$3,301
Ponce de Leon

Final scores:

Michael Tim Glenda
$5,400 $12,001 $8,701
3rd place: Panasonic Large-Color LCD Palmcorder New champion: $12,001 2nd place: Zenith 35" Big-Screen TV & Crawford of Jamestown Armoire

Game dynamics:

Coryat scores:

Michael Tim Glenda
$6,800 $6,500 $6,900
20 R,
4 W
(including 1 DD)
18 R
(including 1 DD),
2 W
15 R,
3 W
(including 1 DD)

Combined Coryat: $20,200

The J! Archive is created by fans, for fans. The Jeopardy! game show and all elements thereof, including but not limited to copyright and trademark thereto, are the property of Jeopardy Productions, Inc. and are protected under law. This website is not affiliated with, sponsored by, or operated by Jeopardy Productions, Inc. Join the discussion at JBoard.tv.